Daddy, Could I Have an Elephant? (Record no. 49124)
| 000 -LEADER | |
|---|---|
| fixed length control field | 00388nam a22001217a 4500 |
| 008 - FIXED-LENGTH DATA ELEMENTS--GENERAL INFORMATION | |
| fixed length control field | 250805b |||||||| |||| 00| 0 eng d |
| 020 ## - INTERNATIONAL STANDARD BOOK NUMBER | |
| International Standard Book Number | 0688132944 |
| 100 ## - MAIN ENTRY--PERSONAL NAME | |
| Personal name | Jake Wolf (Author), Marylin Hafner (Illustrator) |
| 9 (RLIN) | 86468 |
| 245 ## - TITLE STATEMENT | |
| Title | Daddy, Could I Have an Elephant? |
| 260 ## - PUBLICATION, DISTRIBUTION, ETC. (IMPRINT) | |
| Place of publication, distribution, etc | New York |
| Name of publisher, distributor, etc | Greenwillow Books |
| Date of publication, distribution, etc | 1996 |
| 300 ## - PHYSICAL DESCRIPTION | |
| Extent | 32 pages |
| Other physical details | col. ill. |
| Dimensions | 8.5 x 0.5 x 10.75 inches |
| 942 ## - ADDED ENTRY ELEMENTS (KOHA) | |
| Source of classification or shelving scheme | |
| Withdrawn status | Lost status | Source of classification or shelving scheme | Damaged status | Not for loan | Collection code | Home library | Current library | Date acquired | Total Checkouts | Full call number | Barcode | Date last seen | Price effective from | Koha item type |
|---|---|---|---|---|---|---|---|---|---|---|---|---|---|---|
| Siem Reap | Asian Hope Siem Reap | Asian Hope Siem Reap | 08/05/2025 | FIC JAK | 209169 | 08/05/2025 | 08/05/2025 | Book |